00335nam a22001337a 4500003000400000008004100004020001800045082001500063100002100078245002900099260003800128300001600166650001900182OSt240224b |||||||| |||| 00| 0 eng d a9780062399878 a658.5bDRE aDRUCKER, Peter F aThe Effective Executive  aNew York:bHarper Collins,c2006. axxiii,178p. aGeneral Books